000
00315nam a22001337a 4500
020
_q
PB.
040
_c
FIZZA ISHAQ
082
_a
621
_b
VAL
100
_a
OFF, IVANOFF.
_9
90159
245
_a
ENGINEERING MECHANICS /
_c
VAL IVANOFF.
260
_b
MC GRAW HILL,
_c
1996.
300
_a
336 P. ;
942
_2
ddc
_c
BK
999
_c
588517
_d
588517